000
00211 a2200097 4500
001
58032
100
_a
245
_a
Physics for the inquiring mind
260
_a
New Jersey
_b
_c
090
_c
35543
_d
35543
942
_a
NUST-CAE
_c
MONOGRAPH
_c
28384
999
_c
293105
_d
293105